القرآن كائن حي / (Record no. 17848)
[ view plain ]
| 000 -الفاتح | |
|---|---|
| حقل البيانات ثابتة الطول | 00772cam a22002054a 4500 |
| 008 - عناصر البيانات ثابتة الطول - معلومات عامة | |
| حقل البيانات ثابتة الطول | 081201t2005 ua gr f000 0 ara d |
| 020 ## - الرقم الدولى المعيارى للكتب | |
| الرقم الدولى المعيارى للكتاب | 9770812234 |
| 082 04 - رقم تصنيف ديوى العشرى | |
| رقم التصنيف | 229 |
| رقم الطبعة | 21 |
| رقم المادة | م ح م |
| 100 1# - المدخل الرئيسى - إسم شخصى | |
| الإسم الشخصى | محمود، مصطفى، |
| التواريخ المصاحبة للاسم | 1921-2009 |
| 9 (RLIN) | 34614 |
| 245 12 - بيان العنوان | |
| العنوان | القرآن كائن حي / |
| بيان المسئوليه,etc | مصطفى محمود. |
| 260 ## - PUBLICATION, DISTRIBUTION, ETC. (IMPRINT) | |
| مكان الناشر او الموزع | [القاهرة] : |
| اسم الناشر او الموزع | دار أخبار اليوم، قطاع الثقافة، |
| تاريخ النشر أو التوزيع | ح.2005. |
| 300 ## - الوصف المادى | |
| التعداد | 126 ص. ؛ |
| أبعاد الوعاء | 20 سم. |
| 490 1# - بيان السلسلة | |
| عنوان السلسلة | الأعمال الكاملة |
| -- | 23848 |
| 630 20 - المدخل الاضافى بالموضوع - عنوان موحد | |
| عنوان موحد | القرآن |
| التقسيم الفرعي العام | مباحث عامة |
| 9 (RLIN) | 34619 |
| 653 ## - مصطلح تكشيفى غير مقيد | |
| Resource For college | |
| Arrived date list | December2013 |
| 655 ## - مصطلح تكشيفى-نوع/شكل | |
| التقسيم الفرعي الشكلي | |
| -- | 34232 |
| 730 2# - المدخل الاضافى- عنوان موحد | |
| عنوان موحد | القرآن |
| 9 (RLIN) | 34619 |
| 800 1# - المدخل الاضافى بالسلسلة- اسم شخصى | |
| 9 (RLIN) | 34618 |
| الإسم الشخصى | محمود، مصطفى. |
| عنوان العمل | الأعمال الكاملة |
| 942 ## - عناصر المدخل الإضافي( كوها) | |
| مصدر التصنيف او مخطط الترفيف | Dewey Decimal Classification |
| Koha [default] item type | Book - Borrowing |
| سابقة رقم الطلب | م ح م 229 |
| حالة التراجع | حالة الفقد | مصدر التصنيف او خطة الترفيف | حالة تلف | ليس للاعارة | مجموعات كوها | المكان الدائم | المكان الحالي | موقع الترفيف | تاريخ الاكتساب | Source of acquisition | سعر الشراء الطبيعي | رقم الاستدعاء | الباركود | Date last seen | مُعار | التكلفة | نوع الوعاء |
|---|---|---|---|---|---|---|---|---|---|---|---|---|---|---|---|---|---|
| Dewey Decimal Classification | سور الازبكية | Central Library | Central Library | Lower Floor | 12/12/2013 | 15.00 | 229 م ح م | 000035182 | 03/03/2026 | 02/03/2026 | 18.75 | Book - Borrowing |